|
|
|
|
| LEADER |
01969nam a2200577 4500 |
| 001 |
ocn864382669 |
| 003 |
OCoLC |
| 005 |
20170124071659.6 |
| 006 |
m o d |
| 007 |
cr |n||||||||| |
| 008 |
131129s2013 gw ob 000 0 ger d |
| 040 |
|
|
|a IDEBK
|b eng
|e pn
|c IDEBK
|d DG1
|d OCLCQ
|d OCLCF
|d YDXCP
|d E7B
|d COO
|d OCLCO
|d OCLCQ
|d DG1
|d GrThAP
|
| 019 |
|
|
|a 903877131
|
| 020 |
|
|
|a 9783433603659
|q (electronic bk.)
|
| 020 |
|
|
|a 3433603650
|q (electronic bk.)
|
| 020 |
|
|
|a 1306156556
|q (ebk)
|
| 020 |
|
|
|a 9781306156554
|q (ebk)
|
| 020 |
|
|
|a 9783433029596
|
| 020 |
|
|
|a 3433029598
|
| 020 |
|
|
|a 9783433603680
|q (e-book)
|
| 020 |
|
|
|a 3433603685
|q (e-book)
|
| 029 |
1 |
|
|a AU@
|b 000052334864
|
| 029 |
1 |
|
|a GBVCP
|b 790210592
|
| 029 |
1 |
|
|a NZ1
|b 15341921
|
| 035 |
|
|
|a (OCoLC)864382669
|z (OCoLC)903877131
|
| 037 |
|
|
|a 546906
|b MIL
|
| 050 |
|
4 |
|a TH3311
|
| 082 |
0 |
4 |
|a 720.28/8
|2 23
|
| 049 |
|
|
|a MAIN
|
| 100 |
1 |
|
|a Holzer, Stefan M.,
|d 1963-
|
| 245 |
1 |
0 |
|a Statische Beurteilung historischer Tragwerke.
|n Band 1,
|p Mauerwerkskonstruktionen /
|c Stefan M. Holzer.
|
| 246 |
3 |
0 |
|a Mauerwerkskonstruktionen
|
| 264 |
|
1 |
|a Berlin :
|b Ernst & Sohn,
|c 2013.
|
| 300 |
|
|
|a 1 online resource.
|
| 336 |
|
|
|a text
|b txt
|2 rdacontent
|
| 337 |
|
|
|a computer
|b c
|2 rdamedia
|
| 338 |
|
|
|a online resource
|b cr
|2 rdacarrier
|
| 490 |
1 |
|
|a Bauingenieur-Praxis
|
| 504 |
|
|
|a Includes bibliographical references.
|
| 588 |
0 |
|
|a Print version record.
|
| 650 |
|
0 |
|a Historic buildings.
|
| 650 |
|
0 |
|a Masonry.
|
| 650 |
|
0 |
|a Historic buildings
|x Conservation and restoration.
|
| 650 |
|
7 |
|a Historic buildings.
|2 fast
|0 (OCoLC)fst00957723
|
| 650 |
|
7 |
|a Historic buildings
|x Conservation and restoration.
|2 fast
|0 (OCoLC)fst00957729
|
| 650 |
|
7 |
|a Masonry.
|2 fast
|0 (OCoLC)fst01011145
|
| 655 |
|
4 |
|a Electronic books.
|
| 776 |
0 |
8 |
|i Print version:
|z 9781306156554
|
| 830 |
|
0 |
|a Bauingenieur-Praxis.
|
| 856 |
4 |
0 |
|u https://doi.org/10.1002/9783433603659
|z Full Text via HEAL-Link
|
| 994 |
|
|
|a 92
|b DG1
|